| 000 | 00440cam a22001217a 4500 | ||
|---|---|---|---|
| 008 | 180718b2000 xxu||||| |||| 00| 0 eng d | ||
| 082 | _aW7x54 RGICS | ||
| 100 | _aMukherjee, Somnath | ||
| 245 |
_aTelecom/IT convergence: effects on a developing economy _cby Somnath Mukherjee |
||
| 260 |
_aRajiv Gandhi Foundation _bNew Delhi _c2000 |
||
| 440 | _aRGICS Working Paper Series, 7 | ||
| 700 | _aIndia. Rajiv Gandhi Institute for Contemporary Studies | ||
| 999 |
_c504202 _d504202 |
||